000 00646cam a2200217 a 4500
008
020 _a0719017475 (pbk.)
049 _aMAIN
090 _aB804.K37
_bKEA
100 1 _aKearney, Richard.
245 1 0 _aModern movements in European philosophy /
_cRichard Kearney.
260 _aManchester :
_bManchester University Press,
_cc1986.
300 _a346 p. ;
_c23 cm.
504 _aIncludes bibliographical references.
650 0 _aPhilosophy, European.
907 _a.b10306006
_b19-07-12
_c26-01-12
003
005 20230123125357.0
040 _cNUST
942 _cBOOKS
_kB804.K37
_mKEA
999 _c140463
_d140463